Emerging perspectives on the mobile content evolution (Registro nro. 305469)

Detalles MARC
000 -ENCABEZADO
Número de control [NR] 01377cam a2200325Mi 4500
005 - FECHA Y HORA DE LA ÚLTIMA TRANSACCIÓN
control field 20170712073353.0
008 - DE LONGITUD FIJA DE DATOS DE ELEMENTOS - INFORMACIÓN GENERAL
Elementos de longitud fija [NR] 161129s2016 xxua fr 001 0 eng d
010 ## - NUMERO DE CONTROL DE LA BIBLIOTECA DEL CONGRESO (LC) [NR]
Número de control LC [NR] 2015022715
020 ## - NUMERO INTERNACIONAL NORMALIZADO PARA LIBROS [R]
Número Internacional Normalizado del libro [NR] 9781466688384
035 ## - NUMERO DE CONTROL DEL SISTEMA [R]
Número de control del sistema [NR] (OCoLC)915731675
040 ## - FUENTE DE CATALOGACION [NR]
Agencia de catalogación original [NR] CO-BoUCM
Idioma de catalogación [NR] spa
Quien Cataloga Sandra Palacio
Quien Clasifica Sandra Palacio
041 0# - CODIGO DE IDIOMA [R]
Código de idioma para texto/pista de sonido o título separado [R] Inglés
100 1# - ASIENTO PRINCIPAL--NOMBRE PERSONAL [NR]
Nombre personal [NR] Aguado, Juan Miguel
ID Autoridad 82322
245 00 - MENCION DE TITULO [NR]
Título [NR] Emerging perspectives on the mobile content evolution
Mención de responsabilidad, etc. [NR] Juan Miguel Aguado, Claudio Feijoo, Inmaculada J. Martinez
260 ## - PUBLICACION, DISTRIBUCION, ETC. (PIE DE IMPRENTA) [R]
Lugar de publicación, distribución, etc. [R] Hershey (Pensilvania, Estados Unidos)
Nombre del editor, distribuidor, etc. [R] Information Science Reference
Fecha de publicación, distribución, etc. [R] [2016]
300 ## - DESCRIPCION FISICA [R]
Extensión [R] xxv, 438 páginas
Otros detalles físicos [NR] ilustraciones
490 0# - MENCION DE SERIE [R]
Mención de serie [R] Advances in multimedia and interactive technologies book series
ISBN [NR] 2327-929X
500 ## - NOTA GENERAL [R]
Nota general [NR] "Premier reference source."--Cubierta
650 04 - ASIENTO SECUNDARIO DE MATERIA - TERMINO TEMATICO [R]
Término temático o nombre geográfico como elemento de entrada [NR] Procesamiento de datos
Subdivisión general [R] Aplicaciones móviles
9 (RLIN) 82323
650 04 - ASIENTO SECUNDARIO DE MATERIA - TERMINO TEMATICO [R]
Término temático o nombre geográfico como elemento de entrada [NR] Informática
Subdivisión general [R] Aplicaciones móviles
-- Contenidos
9 (RLIN) 82324
650 04 - ASIENTO SECUNDARIO DE MATERIA - TERMINO TEMATICO [R]
Término temático o nombre geográfico como elemento de entrada [NR] Gestión de la información
Subdivisión general [R] Contenidos
9 (RLIN) 16410
650 04 - ASIENTO SECUNDARIO DE MATERIA - TERMINO TEMATICO [R]
Término temático o nombre geográfico como elemento de entrada [NR] Medios de comunicación de masas
Subdivisión general [R] Gestión
9 (RLIN) 19235
650 04 - ASIENTO SECUNDARIO DE MATERIA - TERMINO TEMATICO [R]
Término temático o nombre geográfico como elemento de entrada [NR] Medios de comunicación de masas
Subdivisión general [R] Políticas públicas
9 (RLIN) 82327
653 ## - TERMINO DE INDIZACION - NO CONTROLADO [R]
Término de indización no controlado [R] Tecnología movil
690 ## - ASUNTO AGREGADO LOCAL DE ENTRADA - TÉRMINO TEMÁTICO (OCLC, RLIN)
Acceso temático local Informática
9 (RLIN) 17593
700 1# - ASIENTO SECUNDARIO - NOMBRE PERSONAL [R]
Nombre personal [NR] Feijoo, Claudio
9 (RLIN) 82325
700 1# - ASIENTO SECUNDARIO - NOMBRE PERSONAL [R]
Nombre personal [NR] Martinez, Inmaculada J.
9 (RLIN) 82326
942 ## - ELEMENTOS DE ENTRADA AGREGADOS (KOHA)
Sistema de clasificación DEWEY
Tipo de ítem principal el descrito en 300a Libro de reserva
Tema principal Generalidades
Edición 1
Clasificación 003
Parte restante de la signatura top. A282ep
Existencias
Signatura topográfica Código de barras Última vez visto Ejemplar Costo de reposición Price effective from Tipo de ítem Perdido Sistema de clasificación Dañado No prestable Tipo de ítem específico Suprimido Ubicación habitual Ubicación actual Localización Fecha de creación Proveedor Forma de adquisición Costo
003 A282ep 100151819 03/12/2025 Ej.1 682791.00 21/11/2016 Libro   DEWEY     Libro   Claustro Claustro 4to piso 21/11/2016 15 Compra 682791.00
003 A282ep 100151960 03/12/2025 Ej.2 658056.00 30/11/2016 Libro   DEWEY     Libro   Claustro Claustro 4to piso 30/11/2016 15 Compra 658056.00